| 000 | 00666nam a2200181 a 4500 | ||
|---|---|---|---|
| 001 | 000040434 | ||
| 005 | 20201002034128.0 | ||
| 008 | 130823s2002 mx 000 0 spa d | ||
| 020 | _a9703228348 | ||
| 040 |
_aDO-SdBNP _bspa _cBNPHU |
||
| 100 | 1 |
_aCastro Estrada, José _966731 |
|
| 245 | 1 | 0 |
_aLa teoría del servicio público en el drecho mexicano / _cJosé Castro Estrada. |
| 260 |
_aMéxico : _bUniversidad Nacional Autónoma de México, _c2002. |
||
| 300 |
_a12 p. ; _c21 cm. |
||
| 490 | 1 |
_aLecturas jurídicas _aManuales jurídicos _v5 |
|
| 710 | 2 |
_aUniversidad Nacional Autónoma de México, _942447 |
|
| 830 | 0 |
_aLecturas jurídicas _pManuales jurídicos _v5 _966717 |
|
| 999 |
_c39924 _d39924 |
||